Statystyki dla Wszyscy władcy Polski

Kliknij tutaj aby rozwiązać quiz!

Ogólne statystyki

  • Ten quiz został rozwiązany 203 razy
    (45 od ostatniego zresetowania)
  • Średni wynik to 53 z 140

Statystyki odpowiedzi

Lata PanowaniaWładca% Poprawnych
960r. - 992r.Mieszko I
87%
992r. - 1025r.Bolesław I Chrobry
83%
???Lech
83%
1025r. - 1031r. | 1032r. - 1034r.Mieszko II Lambert
83%
X w.Siemomysł
74%
???Popiel I
70%
IX w. - X w.Siemowit
70%
1384r. - 1399r.Jadwiga I Andegaweńska
65%
1333r. - 1370r.Kazimierz III Wielki
65%
1079r. - 1102r.Władysław I Herman
65%
6 sierpnia 2015r. - ObecnieAndrzej Duda
61%
1031r. - 1032r.Bezprym
61%
1102r. - 1138r.Bolesław III Krzywousty
61%
10 kwietnia 2010r. - 8 lipca 2010r. | 6 sierpnia 2010r. - 6 sierpnia 2015r.Bronisław Komorowski
61%
1034r. - 1037r. | 1039r. - 1058r.Kazimierz I Odnowiciel
61%
23 grudnia 2005r. - 10 kwietnia 2010r.Lech Kaczyński
61%
1370r. - 1382r.Ludwik I Węgierski
61%
1289r. - 1289r. | 1306r. - 1333r.Władysław I Łokietek
61%
19 lipca 1989r. - 22 grudnia 1990r. | 6 listopada 1985r.- 19 lipca 1989r.Wojciech Jaruzelski
61%
23 grudnia 1995r. - 23 grudnia 2005r.Aleksander Kwaśniewski
57%
1733r. - 1763r.August III Sas
57%
1229r. - 1232r. | 1241r. - 1243r.Konrad I Mazowiecki
57%
22 grudnia 1990r. - 22 grudnia 1995r.Lech Wałęsa
57%
X w.Lestek
57%
???Leszko I
57%
1173r. - 1177r. | 1191r. | 1198r. - 1199r. | 1199r. - 1202r.Mieszko III Stary
57%
???Piast
57%
???Popiel II
57%
1855r. - 1863r. | 1864r. - 1881r.Aleksander II Romanow
52%
1058r. - 1079r.Bolesław II Szczodry
52%
1825r. - 1855r.Mikołaj I Romanow
52%
1764r. - 1795r.Stanisław August Poniatowski
52%
1300r. - 1305r.Wacław II
52%
1305r. - 1306r.Wacław III
52%
1386r. - 1434r.Władysław II Jagiełło
52%
1138r. - 1146r.Władysław II Wygnaniec
52%
1575r. - 1587r.Anna Jagiellonka
48%
20 września 1944r. - 20 listopada 1952r.Bolesław Bierut
48%
1674r. - 1696r.Jan III Sobieski
48%
1918r. - 1922r.Józef Piłsudski
48%
1194r. - 1198r. | 1199r. | 1206r. - 1210r. | +2 othersLeszek I Biały
48%
1146r. - 1173r.Bolesław IV Kędzierzawy
43%
1922r.Gabriel Narutowicz
43%
1225r. | 1232r. - 1238r.Henryk I Brodaty
43%
1492r. - 1501r.Jan I Olbracht
43%
1177r. - 1191r. | 1191r. - 1194r.Kazimierz II Sprawiedliwy
43%
1447r. - 1492r.Kazimierz IV Jagiellończyk
43%
1279r. - 1288r.Leszek II Czarny
43%
1669r. - 1673r.Michał Korybut Wiśniowiecki
43%
1894r - 1917r.Mikołaj II Romanow
43%
1290r. - 1296r.Przemysław II
43%
1704r. - 1709r. | 1733r. - 1736r.Stanisław Leszczyński
43%
1576r. - 1586r.Stefan Batory
43%
1548r. - 1572r.Zygmunt II August
43%
1506r. - 1548r.Zygmunt I Stary
43%
1881r. - 1894r.Aleksander III Romanow
39%
1501r. - 1506r.Aleksander I Jagiellończyk
39%
1697r. - 1704r. | 1709r. - 1733r.August II Mocny
39%
1573r. - 1575r.Henryk III Walezy
39%
1238r. - 1241r.Henryk II Pobożny
39%
1926r. - 1939r.Ignacy Mościcki
39%
1648r. - 1668r.Jan II Kazimierz Waza
39%
1434r. - 1435r.Władysław III Warneńczyk
39%
1632r. - 1648r.Władysław IV Waza
39%
1587r. - 1632r.Zygmunt III Waza
39%
1037r. - 1039r.Bolesław Zapomniany
35%
1288r. - 1289r. | 1289r. - 1290r.Henryk IV Prawy
35%
???Krak I
35%
???Leszko II
35%
???Leszko III
35%
1922r- 1926r.Stanisław Wojciechowski
35%
1202r. - 1206r. | 1228r. - 1229r.Władysław III Laskonogi
35%
26 października 1939r. - 4 maja 1945r.Hans Frank
30%
???Krak II
30%
???Wanda
30%
1815r. - 1825r.Aleksander I Romanow
26%
8 lipca 2010r. - 8 lipca 2010r.Bogdan Borusewicz
26%
1243r. - 1279r.Bolesław V Wstydliwy
26%
23 grudnia 1970r. - 28 marca 1972r.Józef Cyrankiewicz
26%
1288r. - 1288r. | 1289r. - 1289r.Bolesław II Mazowiecki
22%
1241r. - 1241r.Bolesław II Rogatka
22%
8 lipca 2010r. - 6 sierpnia 2010r.Grzegorz Schetyna
22%
1210r. - 1211r.Mieszko IV Plątonogi
22%
19 lipca 1989r. - 22 grudnia 1990r.Ryszard Kaczorowski
22%
1 września 1939r. - 25 września 1939r.Edward Rydz-Śmigły
17%
1917r. - 1918r.Rada Regencyjna
17%
30 września 1939r. - 6 czerwca 1947r.Władysław Raczkiewicz
17%
20 listopada 1952r. - 7 sierpnia 1964r.Aleksander Zawadzki
13%
1922r. | 1926r.Maciej Rataj
13%
1435r. - 1447rZbigniew Oleśnicki
13%
9 czerwca 1947r. - 7 kwietnia 1972r.August Zaleski
9%
8 kwietnia 1979r. - 8 kwietnia 1986r.Edward Bernard Raczyński
9%
12 sierpnia 1964r. - 11 kwietnia 1968r.Edward Ochab
9%
1807r. - 1815r.Fryderyk August I
9%
1572r. - 1573r. | 1575r. - 1576r.Jakub Uchański
9%
25 września 1939r. - 29 września 1939r.Bolesław Ignacy Florian Wieniawa-Długoszowski
4%
1920r.Feliks Dzierżyński
4%
28 marca 1972r. - 6 listopada 1985r.Henryk Jabłoński
4%
1632r. - 1633r.Jan Wężyk
4%
8 kwietnia 1986r. - 19 lipca 1989r.Kazimierz Sabbat
4%
11 kwietnia 1968r. - 23 grudnia 1970r.Marian Spychalski
4%
1917r.Michał II Romanow
4%
1696r. - 1697r. | 1704r. - 1705r.Michał Stefan Radziejowski
4%
3 sierpnia 1954r. - 7 kwietnia 1972r.Rada Trzech
4%
1863r. - 1864r.Rząd Narodowy
4%
1674r.Andrzej Trzebicki
0%
1382r. - 1384rDobiesław Kurozwęcki
0%
1673r. - 1674r.Kazimierz Florian Czartoryski
0%
1648r. - 1648r.Maciej Łubieński
0%
1668r. - 1669r.Mikołaj Jan Prażmowski
0%
1704r. - 1705r.Mikołaj Stanisław Święcicki
0%
1586r. - 1587r.Stanisław Karnkowski
0%
9 kwietnia 1972r. - 8 kwietnia 1979r.Stanisław Ostrowski
0%
Stefan Wierzbowski
0%
1733r. - 1734r.Teodor Andrzej Potocki
0%
1763r. - 1764r.Władysław Aleksander Łubieński
0%

Rozkład punktacji

Percentyl według liczby udzielonych odpowiedzi

Procent ludzi z każdym wynikiem

Twoja historia wyników

Nie rozwiązałeś tego quizu od ostatniego zresetowania